000 01310cam a2200373 a 4500
001 8493
003 FISKH
005 20250916080839.0
008 911125s1993 nyua j 000 1 eng
010 _a 91044148
020 _a0671769693 :
_c$15.00
020 _a9780671769697
035 _a600019
040 _aDLC
_cDLC
_dDLC
_beng
050 _aPZ7.M6937 U
082 _a 813
100 1 _aMitchell, Margaree King.
245 1 0 _aUncle Jed's barbershop /
_cby Margaree King Mitchell ; illustrated by James Ransome.
250 _aFirst Scholastic printing, September 1994
260 _aNew York :
_bScholastic
_c1993
300 _a28 unnumbered pages :
_bcolor illustrations ;
_c28 cm
505 _aP
520 _aDespite serious obstacles and setbacks Sarah Jean's Uncle Jed, the only black barber in the county, pursues his dream of saving enough money to open his own barbershop.
521 8 _a640
_bLexile AD
521 8 _aP
_bRaz-Plus
650 1 _aUncles
_vFiction.
650 1 _aBarbers
_vFiction.
650 1 _aAfrican Americans
_vFiction.
655 7 _aFiction.
_2lcgft
_0https://id.loc.gov/authorities/genreForms/gf2014026339
700 1 _aRansome, James,
_eillustrator
906 _a7
_bcbc
_corignew
_d1
_eocip
_f19
_gy-gencatlg
942 _2ddc
_cBK
_n0
999 _c8493
_d8493